| 000 | 02584nam0a2200361 4500 | ||
|---|---|---|---|
| 001 | RU\NLR\BIBL_A\022354310 | ||
| 005 | 20260420015940.0 | ||
| 010 |
_a978-5-907857-97-1 _9100 |
||
| 021 |
_aRU _bКН-П-24-051066 _9КН-П-24-5078 |
||
| 035 | _a(NLR Aleph) 022354310 | ||
| 090 |
_a13667589 _c13667589 |
||
| 100 | _a20241016d2024 k y0rusy50 ca | ||
| 101 | 0 |
_arus _deng |
|
| 102 | _aRU | ||
| 105 | _aa z 100yy | ||
| 181 | 0 |
_ai _bxxxe |
|
| 182 | 0 | _an | |
| 200 | 1 |
_aСоциально-экономическое развитие России: проблемы, тенденции, перспективы _eсборник научных статей XXIII международной научно-практической конференции, 15 мая 2024 года _fФинансовый университет при Правительстве Российской Федерации, Курский филиал, Курская региональная общественная организация Вольного экономического общества России _gредакционная коллегия: Ильин А. Е., д-р экон. наук, проф. [и др.] |
|
| 203 |
_aТекст _bвизуальный _cнепосредственный |
||
| 210 |
_aКурск _cУниверситетская книга _d2024 |
||
| 215 |
_a535 с. _cил. _d20 |
||
| 300 | _aРез. англ. | ||
| 320 | _aБиблиогр. в конце ст. и в подстроч. примеч. | ||
| 607 |
_aРоссийская Федерация _jСъезды, совещания и т.п _xСоциально-экономическое развитие _92073290 _3RU\NLR\AUTH\661248179 |
||
| 686 | 1 | _aУ03(2Р)74я431 | |
| 702 | 1 |
_4340 _7ca _8rus _aИльин _bА. Е. _cд-р экон. наук _gАлексей Евгеньевич _914710 _3RU\NLR\AUTH\7731700 |
|
| 711 | 1 | 2 |
_a"Социально-экономическое развитие России: проблемы, тенденции, перспективы", международная научно-практическая конференция _d23 _eКурск _f2024 _92645460 _3RU\NLR\AUTH\880617281 |
| 712 | 0 | 2 |
_4557 _aФинансовый университет при Правительстве Российской Федерации _bКурский филиал _cМосква _9324041 _3RU\NLR\AUTH\8810219311 |
| 942 | _cBOOK | ||
| 980 | _aNB | ||